| 000 | 00535nam a2200169 i 4500 | ||
|---|---|---|---|
| 001 | 62171 | ||
| 003 | ES-MaACL | ||
| 005 | 20230906164624.0 | ||
| 007 | t| | ||
| 008 | 031118s1970 sp ||||1| spa d | ||
| 100 | 1 |
_aFerguson, John. _949292 |
|
| 245 | 1 | 4 |
_aLos fundamentos del mundo moderno / _cJohn Ferguson ; [traducción de Gerardo de la Cierva]. |
| 260 |
_a[Barcelona : _bMartínez Roca, _c1970] |
||
| 300 |
_a290 p., 4 lám. : _bil. ; _c23 cm. |
||
| 700 | 1 |
_aCierva, Gerardo de la. _938788 |
|
| 852 |
_aES-MaACL _jC-38174 _bR.73795 |
||
| 999 |
_c62171 _d62171 |
||